| 000 | 00532nam a22001697a 4500 | ||
|---|---|---|---|
| 003 | NUST | ||
| 038 | _aNusrat Nadeem | ||
| 082 | _a200 | ||
| 100 |
_aRAUF, SANA _9120136 |
||
| 245 |
_aCHALLENGES AND OPPORTUNITIES OF INVESTIGATIVE JOURNALISM IN PAKISTAN/ _cSana Rauf |
||
| 264 |
_aIslamabad, _bS3H NUST, _c2023. |
||
| 300 |
_aill: _b131,p: _c30,cm. |
||
| 650 |
_aMS- Mass Communication _9114380 |
||
| 700 |
_aSupervisor: Dr. Najma Sadiq _9120077 |
||
| 856 | _uhttp://10.250.8.41:8080/xmlui/handle/123456789/40530 | ||
| 942 |
_2ddc _cSC |
||
| 999 |
_c607563 _d607563 |
||